000 00648nam a2200217Ii 4500
003 JO-AjNU
008 230606s9999||||xx |||||||||||||| ||und||
020 _a0-471-18908-1
040 _aJO-AjNU
_beng
_erda
_cJO-AjNU
041 _aeng
050 1 4 _aHF5625.A25 1998
100 3 _aSchroeder,Richard G,
_eauthor
_93141
245 0 0 _aAccounting Theory :Text and Readings
250 _a6th ed
264 3 1 _aNew York: John Wiley and Sons,1998
300 _a838p
_bIncludes indexes 832-838 p
336 _atext
_btxt
_2rdacontent
337 _aunmediated
_bn
_2rdamedia
338 _avolume
_bnc
_2rdacarrier
650 4 _aAccounting - oroblems
_93142
999 _aE1646
_c1646
_d1646